Search the Library Catalogue
| 000 -LEADER | |
|---|---|
| fixed length control field | 00519nam a2200181 a 4500 |
| 008 - FIXED-LENGTH DATA ELEMENTS--GENERAL INFORMATION | |
| fixed length control field | 260416s2026##################000#0#eng## |
| 020 ## - INTERNATIONAL STANDARD BOOK NUMBER | |
| ISBN | 9781841138060 |
| Paper back/Hardbound | hbk |
| 041 ## - LANGUAGE CODE | |
| Language code of text/sound track or separate title | eng |
| 082 04 - DEWEY DECIMAL CLASSIFICATION NUMBER | |
| Classification number | 346.41066 ARM |
| 100 ## - MAIN ENTRY--AUTHOR NAME | |
| Personal name | Edited by Armour,John |
| 245 10 - TITLE STATEMENT | |
| Title | Rationality in Company Law |
| Sub Title | Essays in Honour of DD Prentice |
| Statement of responsibility, etc | John Armour |
| 260 ## - PUBLICATION, DISTRIBUTION, ETC. (IMPRINT) | |
| Place of publication | North America |
| Name of publisher | Hart Publishing. |
| Year of publication | 2009 |
| 300 ## - PHYSICAL DESCRIPTION | |
| Number of Pages | 400p. : |
| Dimensions | 24cm. |
| 650 ## - SUBJECT ADDED ENTRY--TOPICAL TERM | |
| Topical Term | Private law |
| 700 ## - ADDED ENTRY--PERSONAL NAME | |
| Personal name | Payne,Jennifer |
| 942 ## - ADDED ENTRY ELEMENTS (KOHA) | |
| Koha item type | English Books |
| Withdrawn status | Lost status | Damaged status | Not for loan | Home library | Current library | Shelving location | Date acquired | Full call number | Accession Number | Price effective from | Koha item type |
|---|---|---|---|---|---|---|---|---|---|---|---|
| Anna Centenary Library | Anna Centenary Library | 4TH FLOOR, A WING | 16.04.2026 | 346.41066 ARM | 380936 | 16.04.2026 | English Books |